Teaching elementary physical education. (Record no. 7679)
[ view plain ]
| 000 -LEADER | |
|---|---|
| fixed length control field | 00508nam a22001337a 4500 |
| 008 - FIXED-LENGTH DATA ELEMENTS--GENERAL INFORMATION | |
| fixed length control field | 171107b xxu||||| |||| 00| 0 eng d |
| 022 ## - INTERNATIONAL STANDARD SERIAL NUMBER | |
| International Standard Serial Number | 1045-4853 |
| 082 ## - DEWEY DECIMAL CLASSIFICATION NUMBER | |
| Edition number | Sep 2004-July 2005 v.15-16 |
| Classification number | DPer 372.86 |
| Item number | T22 |
| 245 ## - TITLE STATEMENT | |
| Title | Teaching elementary physical education. |
| 260 ## - PUBLICATION, DISTRIBUTION, ETC. (IMPRINT) | |
| Place of publication, distribution, etc. | Champaign, Illinois : |
| Name of publisher, distributor, etc. | Human Kinetics Pub., |
| Date of publication, distribution, etc. | 2004-2005. |
| 300 ## - PHYSICAL DESCRIPTION | |
| Extent | 1 (various paging): |
| Other physical details | color illustrations; |
| Dimensions | 28 cm. |
| 650 #0 - SUBJECT ADDED ENTRY--TOPICAL TERM | |
| 9 (RLIN) | 23123 |
| Topical term or geographic name as entry element | Physical education (Elementary) -- Study and teaching -- Periodicals. |
| 942 ## - ADDED ENTRY ELEMENTS (KOHA) | |
| Source of classification or shelving scheme | Dewey Decimal Classification |
| Koha item type | Periodicals |
| Withdrawn status | Lost status | Source of classification or shelving scheme | Materials specified (bound volume or other part) | Damaged status | Not for loan | Collection code | Home library | Current library | Source of acquisition | Total Checkouts | Full call number | Barcode | Date last seen | Copy number | Price effective from | Koha item type | Public note |
|---|---|---|---|---|---|---|---|---|---|---|---|---|---|---|---|---|---|
| Dewey Decimal Classification | Vol. 15-16 | Periodicals | UM Digos College - LIC | UM Digos College - LIC | Purchased | DPer 372.86 T22 Sept 2004-July 2005 v. 15-16 | 00146 | 06/08/2021 | 1 | 11/07/2017 | Periodicals | Bound Periodicals |
